| 000 | 00000nam##2200000za#4500 |
| 001 | 9.656599 |
| 003 | CaOODSP |
| 005 | 20200813121912 |
| 007 | ta |
| 008 | 150407|1994||||xxc||||| f|0| 0 eng|d |
| 020 | |a0-660-54898-4 |
| 040 | |aCaOODSP|beng |
| 041 | |aeng |
| 041 | |afre |
| 043 | |an-cn--- |
| 086 | 1 |aCS68-508 |
| 245 | 00|aPublic sector assets and liabilities: historical overview |
| 260 | |aOttawa - Ontario : |bStatistics Canada |c1994. |
| 300 | |a258p. : |bfigs., graphs, tables ; |c28 cm. |
| 500 | |anull |
| 546 | |aBilingual |
| 563 | |aSoftcover |
| 590 | |a94-14|b1994-04-08 |
| 690 | 07|aPublic finance|2gcpds |
| 710 | 2 |aStatistics Canada. |
| 776 | 0#|tPublic sector assets and liabilities, historical overview |w(CaOODSP)9.828325 |
| 792 | |tActif et passif du secteur public: statistique rétrospective |efre|w(CaOODSP)9.656600 |
| 986 | |aFinancial management system |